| 000 | 01115nam a2200373 i 4500 | ||
|---|---|---|---|
| 001 | 200463286 | ||
| 003 | TR-AnTOB | ||
| 005 | 20250117102047.0 | ||
| 007 | ta | ||
| 008 | 250117t20242024tu b 001 0 tur d | ||
| 020 |
_a9786052426050 _q(hardback) |
||
| 035 | _a(TR-AnTOB)200463286 | ||
| 040 |
_aTR-AnTOB _beng _erda _cTR-AnTOB |
||
| 041 | 0 | _atur | |
| 050 | 1 | 4 |
_aKKX810 _b.N66 2024 |
| 090 |
_aKKX810 _b.N66 2024 |
||
| 100 | 1 |
_aNomer, Haluk Nami _eauthor _9122272 |
|
| 245 |
_aBorçlar hukuku genel hükümler / _cProf. Dr. Halûk N. Nomer. |
||
| 246 | 1 | 0 | _aBorçlar hukuku |
| 250 | _aGözden geçirilmiş, genişletilmiş 20. bası. | ||
| 264 | 1 |
_aİstanbul : _bBeta, _c2024. |
|
| 264 | 4 | _c©2024 | |
| 300 |
_axxvii, 618 pages ; _c24 cm |
||
| 336 |
_atext _btxt _2rdacontent |
||
| 337 |
_aunmediated _bn _2rdamedia |
||
| 338 |
_avolume _bnc _2rdacarrier |
||
| 490 | 0 |
_aHukuk Dizisi ; _v1967 |
|
| 500 | _a"yayın no: 4032" Page facing title page. | ||
| 501 | _a4032 | ||
| 504 | _aBIBINDX | ||
| 650 | 7 |
_aBorçlar (Hukuk) _zTürkiye _2etuturkob _939556 |
|
| 942 |
_2lcc _cBK |
||
| 999 |
_c200463286 _d81498 |
||